[Event "San Francisco TNM Wilkerson U2000 op"]
[Site "San Francisco"]
[Date "2020.01.11"]
[Round "5"]
[White "Morgan, Jerry"]
[Black "Tamondong, Cesar"]
[Result "1-0"]
[WhiteElo "1516"]
[BlackElo "1497"]
[PlyCount "85"]
[EventDate "2020.01.07"]
[EventType "swiss"]
[EventRounds "7"]
[EventCountry "USA"]
[SourceTitle "EXT 2021"]
[Source "ChessBase"]
[SourceDate "2020.10.23"]
[SourceVersion "1"]
[SourceVersionDate "2020.10.23"]
[SourceQuality "1"]

1. f4 Nf6 2. Nf3 g6 3. c3 Bg7 4. d3 0-0 5. e4 d6 6. g3 c5 7. Bg2 Nc6 8. 0-0 Rb8 9. Na3 a6 10. Bd2 b5 11. Nc2 Bb7 12. Rb1 Qc7 13. Re1 e5 14. b4 cxb4 15. Nxb4 Nxb4 16. cxb4 Ng4 17. Qe2 Qb6+ 18. Kf1 f5 19. h3 fxe4 20. hxg4 exf3 21. Bxf3 exf4 22. gxf4 Bxf3 23. Qxf3 Qd4 24. Qe4 Qf6 25. Qe6+ Kh8 26. Kg2 Qd4 27. Qe4 Qf6 28. Qd5 Qh4 29. Qf3 Be5 30. Rh1 Qe7 31. Qe4 Bf6 32. Rbe1 Qxe4+ 33. dxe4 Rbc8 34. Rc1 Bb2 35. Rxc8 Rxc8 36. Kf3 Rc4 37. f5 gxf5 38. gxf5 Be5 39. Rc1 Rxc1 40. Bxc1 h5 41. Bf4 Kg7 42. Bxe5+ dxe5 43. Kg3 1-0

[Event "San Francisco Grey Memorial"]
[Site "San Francisco"]
[Date "2017.09.05"]
[Round "5"]
[White "Morgan, Jerry"]
[Black "Kondakov, Adrian"]
[Result "0-1"]
[WhiteElo "1501"]
[BlackElo "1924"]
[PlyCount "108"]
[EventDate "2017.08.08"]
[EventType "swiss"]
[EventRounds "9"]
[EventCountry "USA"]
[SourceTitle "EXT 2023"]
[Source "ChessBase"]
[SourceDate "2022.10.05"]
[SourceVersion "1"]
[SourceVersionDate "2022.10.05"]
[SourceQuality "1"]

1. f4 Nf6 2. Nf3 g6 3. d3 d5 4. c3 Bg7 5. Qc2 Bg4 6. Ne5 Bf5 7. Nd2 Nbd7 8. e4 Be6 9. Ndf3 Nc5 10. Ng5 0-0 11. Nxe6 fxe6 12. Be3 Nfd7 13. Nxd7 Nxd7 14. e5 c5 15. d4 Rc8 16. g3 a5 17. Bh3 Qb6 18. Qb3 Qa6 19. Bf1 Qa7 20. Qb5 b6 21. Bh3 Kf7 22. 0-0-0 cxd4 23. Bxd4 Nc5 24. Kb1 a4 25. Bg2 Rc7 26. h4 h5 27. Bf3 Kg8 28. Bg2 Qa5 29. Bf1 Qxb5 30. Bxb5 Ne4 31. Bxa4 Nxg3 32. Rhg1 Ne2 33. Rxg6 Nxf4 34. Rg5 Kh8 35. Bxb6 Rc4 36. Bc2 Bh6 37. Rgg1 Rb8 38. Bd4 Rcc8 39. Rdf1 Rg8 40. Bc5 Rxg1 41. Rxg1 Ne2 42. Re1 Nxc3+ 43. Ka1 Bd2 44. Rg1 Ne4 45. Bxe7 Bf4 46. Bf6+ Nxf6 47. exf6 Be5 48. Bb3 Bxf6 49. Rg6 Rf8 50. Rh6+ Kg7 51. Rxh5 Kg6 52. Rg5+ Bxg5 53. hxg5 Rf1+ 54. Bd1 Rxd1# 0-1

[Event "San Francisco TNM Spring op"]
[Site "San Francisco"]
[Date "2017.03.14"]
[Round "1"]
[White "Bayaraa, Chinguun"]
[Black "Morgan, Jerry"]
[Result "1-0"]
[WhiteElo "1988"]
[BlackElo "1561"]
[PlyCount "43"]
[EventDate "2017.03.14"]
[EventType "swiss"]
[EventRounds "8"]
[EventCountry "USA"]
[SourceTitle "EXT 2023"]
[Source "ChessBase"]
[SourceDate "2022.10.05"]
[SourceVersion "1"]
[SourceVersionDate "2022.10.05"]
[SourceQuality "1"]

1. d4 d5 2. c4 c6 3. Nf3 Nf6 4. Nc3 dxc4 5. a4 Bf5 6. e3 e6 7. Bxc4 Bb4 8. 0-0 0-0 9. Qe2 Bg6 10. e4 Bxc3 11. bxc3 Nxe4 12. Bb2 Nd6 13. Ba2 Nd7 14. Ba3 Nf6 15. Qe5 Nfe4 16. Rac1 Qd7 17. Rfe1 Rfd8 18. Qf4 Nf6 19. Ne5 Qc7 20. f3 Nf5 21. Nxg6 Qxf4 22. Nxf4 1-0

[Event "San Francisco Benson Memorial"]
[Site "San Francisco"]
[Date "2016.09.13"]
[Round "7"]
[White "Morgan, Jerry"]
[Black "Jensen, Christian Patrick"]
[Result "1-0"]
[WhiteElo "1568"]
[BlackElo "1841"]
[PlyCount "55"]
[EventDate "2016.08.02"]
[EventType "swiss"]
[EventRounds "9"]
[EventCountry "USA"]
[SourceTitle "EXT 2018"]
[Source "ChessBase"]
[SourceDate "2017.10.13"]
[SourceVersion "1"]
[SourceVersionDate "2017.10.13"]
[SourceQuality "1"]

1. f4 e5 2. fxe5 d6 3. exd6 Bxd6 4. Nf3 Nf6 5. d4 Ng4 6. Qd3 Nxh2 7. Nxh2 Qh4+ 8. Kd1 Bxh2 9. Nd2 Bg4 10. Qe4+ Kf8 11. Nf3 Qg3 12. Nxh2 Bc8 13. Nf3 h5 14. Qf4 Qxf4 15. Bxf4 c6 16. Bd6+ Kg8 17. Ng5 f6 18. Nf3 Bf5 19. Kd2 Nd7 20. e3 g5 21. Bd3 Bg4 22. e4 Rd8 23. e5 Nb6 24. c3 Nd5 25. Bc4 Be6 26. b3 b5 27. Bxd5 Bxd5 28. Be7 1-0

[Event "San Francisco TNM Summer op"]
[Site "San Francisco"]
[Date "2016.07.05"]
[Round "7"]
[White "Morgan, Jerry"]
[Black "Kim, Isaiah T"]
[Result "0-1"]
[WhiteElo "1652"]
[BlackElo "1836"]
[PlyCount "54"]
[EventDate "2016.05.24"]
[EventType "swiss"]
[EventRounds "8"]
[EventCountry "USA"]
[SourceTitle "EXT 2018"]
[Source "ChessBase"]
[SourceDate "2017.10.13"]
[SourceVersion "1"]
[SourceVersionDate "2017.10.13"]
[SourceQuality "1"]

1. f4 d5 2. Nf3 g6 3. d3 Bg7 4. c3 Nf6 5. Qc2 c5 6. e4 dxe4 7. dxe4 0-0 8. Bc4 Nc6 9. Na3 a6 10. Be3 b6 11. 0-0 Qc7 12. Ng5 e6 13. Rad1 h6 14. Nh3 e5 15. f5 g5 16. Bd5 Bb7 17. Qb3 Rad8 18. Bxg5 Na5 19. Qc2 hxg5 20. Bxf7+ Rxf7 21. Nxg5 Rfd7 22. Ne6 Qc8 23. Qf2 Rxd1 24. Qg3 Rxf1+ 25. Kxf1 Rd1+ 26. Ke2 Rd2+ 27. Ke3 Qd7 0-1

[Event "San Francisco TNM Spring op"]
[Site "San Francisco"]
[Date "2016.03.15"]
[Round "1"]
[White "Morgan, Jerry"]
[Black "Critelli, James M"]
[Result "0-1"]
[WhiteElo "1653"]
[BlackElo "2366"]
[PlyCount "52"]
[EventDate "2016.03.15"]
[EventType "swiss"]
[EventRounds "8"]
[EventCountry "USA"]
[SourceTitle "EXT 2018"]
[Source "ChessBase"]
[SourceDate "2017.10.13"]
[SourceVersion "1"]
[SourceVersionDate "2017.10.13"]
[SourceQuality "1"]

1. f4 c5 2. Nf3 Nf6 3. d3 d5 4. c3 Nc6 5. Qc2 d4 6. e4 g6 7. Na3 Bg7 8. Bd2 0-0 9. Nc4 Nd7 10. e5 f6 11. Qb3 Kh8 12. e6 Ndb8 13. Na3 a6 14. 0-0-0 Na5 15. Qc2 Bxe6 16. c4 Nbc6 17. Re1 Qd6 18. g3 Bf7 19. Bh3 Nb4 20. Bxb4 cxb4 21. Nb1 b5 22. Nbd2 bxc4 23. Ne4 Qd5 24. Kb1 cxd3 25. Qc5 Qxa2+ 26. Kc1 Nb3+ 0-1

[Event "San Francisco TNM Fall op"]
[Site "San Francisco"]
[Date "2015.11.24"]
[Round "6"]
[White "Morgan, Jerry"]
[Black "Krasnov, Steven Lender"]
[Result "0-1"]
[WhiteElo "1510"]
[BlackElo "1921"]
[PlyCount "66"]
[EventDate "2015.10.20"]
[EventType "swiss"]
[EventRounds "9"]
[EventCountry "USA"]
[SourceTitle "EXT 2023"]
[Source "ChessBase"]
[SourceDate "2022.10.05"]
[SourceVersion "1"]
[SourceVersionDate "2022.10.05"]
[SourceQuality "1"]

1. f4 g6 2. Nf3 Nf6 3. d3 d5 4. c3 Bg7 5. Qc2 Bf5 6. Nbd2 Ng4 7. Nb3 Nh6 8. e4 Bg4 9. Nfd4 Nc6 10. Be3 Nxd4 11. Bxd4 f6 12. h3 Bc8 13. 0-0-0 c6 14. g4 Nf7 15. Bg2 b6 16. exd5 cxd5 17. Qe2 0-0 18. h4 Re8 19. h5 e5 20. fxe5 Nxe5 21. Rde1 Bxg4 22. Qd2 Bxh5 23. Be3 Rc8 24. Nd4 Ng4 25. Bf4 Qd7 26. Bh3 f5 27. Bg2 Rxe1+ 28. Qxe1 Bxd4 29. Kd2 Bf6 30. d4 Kg7 31. Qg3 Qb5 32. Kc1 Bxd4 33. Kb1 Bxc3 0-1

[Event "San Francisco TNM Fall op"]
[Site "San Francisco"]
[Date "2015.11.17"]
[Round "5"]
[White "Yamamoto, Craig"]
[Black "Morgan, Jerry"]
[Result "0-1"]
[WhiteElo "1613"]
[BlackElo "1510"]
[PlyCount "36"]
[EventDate "2015.10.20"]
[EventType "swiss"]
[EventRounds "9"]
[EventCountry "USA"]
[SourceTitle "EXT 2023"]
[Source "ChessBase"]
[SourceDate "2022.10.05"]
[SourceVersion "1"]
[SourceVersionDate "2022.10.05"]
[SourceQuality "1"]

1. d4 d5 2. Nf3 Nf6 3. Bg5 Ne4 4. Bf4 Bf5 5. Nh4 Bg6 6. Nxg6 hxg6 7. f3 Nd6 8. e3 e6 9. Bd3 Nc6 10. b3 Qf6 11. Bg3 0-0-0 12. 0-0 Nb4 13. Be2 Nf5 14. Bf2 Bd6 15. c3 Bxh2+ 16. Kh1 Ng3+ 17. Bxg3 Bxg3+ 18. Kg1 Qh4 0-1